Использование дистанционной формы обучения на платформе moodle при подготовке специалистов сварочного производства; Уровневая подготовка специалистов: государственные и международные стандарты инженерного образования

Detalles Bibliográficos
Parent link:Уровневая подготовка специалистов: государственные и международные стандарты инженерного образования.— 2012.— [С. 206-207]
Autor principal: Трущенко Е. А. Евгений Анатольевич
Sumario:Заглавие с экрана
Показаны практические результаты применения образовательной среды на платформе MOODLE. Сделаны выводы о необходимости развития и применения ресурса в образовательной деятельности университета
Lenguaje:ruso
Publicado: 2012
Colección:Информационная образовательная среда для студента: практика применения
Materias:
Acceso en línea:http://www.lib.tpu.ru/fulltext/c/2012/C09/091.pdf
Formato: MixedMaterials Electrónico Capítulo de libro
KOHA link:https://koha.lib.tpu.ru/cgi-bin/koha/opac-detail.pl?biblionumber=231091

MARC

LEADER 00000nla2a2200000 4500
001 231091
005 20231031202649.0
035 |a (RuTPU)RU\TPU\book\252107 
035 |a RU\TPU\book\252072 
090 |a 231091 
100 |a 20130129d2012 k y0rusy50 ca 
101 0 |a rus 
102 |a RU 
105 |a y z 101zy 
181 0 |a i  
182 0 |a b 
200 1 |a Использование дистанционной формы обучения на платформе moodle при подготовке специалистов сварочного производства  |b Электронный ресурс  |f Е. А. Трущенко 
203 |a Текст  |c электронный 
225 1 |a Информационная образовательная среда для студента: практика применения 
230 |a 1 компьютерный файл (pdf; 442 Кб) 
300 |a Заглавие с экрана 
320 |a [Библиогр.: с. 207 (2 назв.)] 
330 |a Показаны практические результаты применения образовательной среды на платформе MOODLE. Сделаны выводы о необходимости развития и применения ресурса в образовательной деятельности университета 
337 |a Adobe Reader 
463 1 |0 (RuTPU)RU\TPU\book\240708  |t Уровневая подготовка специалистов: государственные и международные стандарты инженерного образования  |o сборник трудов научно-методической конференции, 3-6 апреля 2012 г.  |f Национальный исследовательский Томский политехнический университет (ТПУ)  |v [С. 206-207]  |d 2012 
610 1 |a труды учёных ТПУ 
610 1 |a электронный ресурс 
610 1 |a дистанционное обучение 
610 1 |a сварочное производство 
610 1 |a подготовка специалистов 
700 1 |a Трущенко  |b Е. А.  |c специалист в области сварочного производства  |c доцент Томского политехнического университета, кандидат технических наук  |f 1973-  |g Евгений Анатольевич  |2 stltpush  |3 (RuTPU)RU\TPU\pers\26671 
801 2 |a RU  |b 63413507  |c 20130201  |g RCR 
856 4 |u http://www.lib.tpu.ru/fulltext/c/2012/C09/091.pdf 
942 |c CF